[Event "Koblenz-ch"]
[Site "Koblenz"]
[Date "1998.11.24"]
[Round "6"]
[White "Pellmann, Michael"]
[Black "Baumann, Bettina"]
[Result "0-1"]
[WhiteElo "1344"]
[BlackElo "1523"]
[PlyCount "112"]
[EventDate "1998.09.22"]
[EventType "swiss"]
[EventRounds "7"]
[EventCountry "GER"]
[SourceTitle "EXT 2005"]
[Source "ChessBase"]
[SourceDate "2004.11.15"]
[SourceVersion "1"]
[SourceVersionDate "2004.11.15"]
[SourceQuality "1"]

1. e4 e6 2. d4 d5 3. e5 Nc6 4. Nf3 Bd7 5. Bd3 Nb4 6. a3 Nxd3+ 7. Qxd3 h6 8. 0-0 c5 9. Be3 c4 10. Qe2 Qb6 11. b3 cxb3 12. cxb3 Bb5 13. Qc2 Bxf1 14. Kxf1 Qc6 15. Qd2 Rc8 16. Qd3 Qa6 17. Qxa6 bxa6 18. Nbd2 Ne7 19. Nh4 Nc6 20. f4 Be7 21. g3 Bxh4 22. gxh4 Kd7 23. Kf2 Rc7 24. Kg3 Ne7 25. b4 Nf5+ 26. Kf2 Nxh4 27. Nb3 Rc2+ 28. Kg1 Nf3+ 29. Kf1 Nxh2+ 30. Ke1 Kc6 31. Rc1 Rxc1+ 32. Bxc1 Kb5 33. Ke2 Ng4 34. Nd2 f6 35. Nf3 fxe5 36. dxe5 Re8 37. Nd4+ Kb6 38. Bb2 h5 39. Kf3 Nh6 40. Bc1 Nf5 41. Nxf5 exf5 42. Be3+ Kb7 43. Bc5 h4 44. Kg2 g5 45. Be3 g4 46. Bf2 h3+ 47. Kh2 Kc6 48. Bxa7 Kd7 49. a4 Rc8 50. Bc5 a5 51. Bd6 axb4 52. Bxb4 Rc4 53. Be1 Rxa4 54. Bf2 d4 55. Kh1 d3 56. Be1 Ra1 0-1